[Event "IM Marmaris Karia X 2019"]
[Site "Marmaris"]
[Date "2019.09.02"]
[Round "4.4"]
[White "Benidze, Davit"]
[Black "Sahin, Ozgun"]
[Result "1/2-1/2"]
[WhiteElo "2431"]
[BlackElo "2205"]
[Annotator "TA"]
[PlyCount "45"]
[EventDate "2019.09.02"]
[EventType "schev"]
[EventCountry "TUR"]
[SourceTitle "playchess.com"]
[Source "ChessBase"]
[SourceQuality "1"]

{[%evp 15,45,51,60,54,59,55,52,33,31,30,41,55,41,5,1,-29,-20,-28,-20,-24,0,-22,-22,-51,-31,-86,0,-49,0,-95,0,-53]} 1. Nf3 d5 2. g3 Nf6 3. Bg2 c5 4. O-O Nc6 5. d4 cxd4 6. Nxd4 e5 7. Nxc6 bxc6 8. c4 Be6 9. Nc3 {D02: 1 d4 d5 2 Nf3 sidelines, including 2...Nf6 3 g3 and 2...Nf6 3 Bf4} Rc8 10. cxd5 cxd5 11. Qa4+ {White is slightly better.} Qd7 12. Qxd7+ Kxd7 13. Rd1 Bc5 {[#]} 14. e3 $146 {[%cal Rc3d5]} ({Predecessor:} 14. Nxd5 Nxd5 15. Bxd5 Bxd5 16. Rxd5+ Ke6 {½-½ (16) Andersen,M (2605)-Kravtsiv,M (2685) Batumi 2018}) 14... Rhd8 15. b3 Bb4 16. Na4 Rc2 $36 {[%mdl 2048] Black fights for an advantage.} 17. Bb2 Bd6 18. h3 Ke7 19. Bc3 Rc8 20. Be1 ({White should try} 20. Rdc1 $1 $15 Rxc1+ 21. Rxc1) 20... Rd8 21. Bc3 Rc8 (21... Ne4 $5 {[%cal Re4c3]} 22. Rdc1 Rxc1+ 23. Rxc1 Nxc3 24. Nxc3 d4 $15) 22. Be1 Rd8 23. Bc3 {Accuracy: White = 53%, Black = 67%.} 1/2-1/2

[Event "IM Marmaris Karia X 2019"]
[Site "Marmaris"]
[Date "2019.09.02"]
[Round "4.5"]
[White "Abdulov, Orkhan"]
[Black "Altun, Arda"]
[Result "1-0"]
[WhiteElo "2384"]
[BlackElo "2151"]
[Annotator "TA"]
[PlyCount "94"]
[EventDate "2019.09.02"]
[EventType "schev"]
[EventCountry "TUR"]
[SourceTitle "playchess.com"]
[Source "ChessBase"]
[SourceQuality "1"]

{[%evp 12,94,-14,-20,3,-22,6,-19,-22,-16,-8,-8,-14,-16,-7,-15,-2,-58,-8,-5,0,-30,12,0,0,-42,0,-26,-17,-16,0,0,58,0,36,0,0,-35,18,18,33,29,17,27,34,21,18,28,37,0,0,0,4,6,4,11,0,0,11,43,99,99,187,190,500,478,542,353,350,251,630,603,524,376,730,686,29987,29988,29996,-821,272,-568,29993,29993,29996]} 1. e4 c6 2. d3 d5 3. Nd2 e5 4. g3 Nf6 5. Bg2 Bd6 6. Ngf3 O-O 7. O-O h6 {B10: Caro-Kann: 2 d3 and 2 c4} (7... Re8 8. Re1 Nbd7 9. c3 h6 10. Qc2 Nf8 11. b3 Ng6 12. Bb2 Bg4 13. h3 Be6 14. Rad1 Qc7 15. Nf1 Rad8 16. Ne3 Qc8 17. Kh2 {0-1 (39) Mamedyarov,S (2799)-Grischuk,A (2772) Huaian 2017}) 8. c3 dxe4 $146 ({Predecessor:} 8... Nbd7 9. Qc2 Re8 10. Re1 a5 11. b3 Nc5 12. Bb2 dxe4 13. dxe4 {0-1 (39) Movsziszian,K (2520)-Das,S (2352) Montcada 2014}) 9. dxe4 Be6 {The position is equal.} 10. Qe2 Nbd7 11. Nc4 Bc7 12. Rd1 Qe7 13. b3 b5 14. Ncd2 (14. Ne3 $11) 14... Qc5 15. Bb2 a5 16. Rac1 Bb6 17. h3 Rfd8 18. Nh4 g6 19. c4 b4 20. Nf1 Nh5 21. Rc2 Ng7 ({Better is} 21... Qf8 $11) 22. Ne3 (22. Bc1 $1 $14) 22... Qe7 23. Qf3 Kh7 24. Nef5 Bxf5 ({But not} 24... gxf5 $6 25. exf5 e4 26. Qe2 $16 (26. Qxe4 Nc5 $15) (26. Qg4 Nf6 $14)) (24... Qf6 $15 25. Ne3 Qxf3 26. Nxf3 f6) 25. exf5 $11 g5 26. f6 Nxf6 27. Rxd8 Rxd8 28. Nf5 Qe6 29. Nxg7 Kxg7 30. Qxc6 (30. c5 $5 {[%cal Rc5b6]} Bc7 31. Qxc6 Qxc6 32. Bxc6 $14) 30... Rd1+ 31. Kh2 {Threatening Qxe6.} Qf5 $132 {[%mdl 2048] Black has counterplay} 32. Bxe5 Qxe5 33. Qxb6 Qe1 {[%csl Gd1][%cal Re1g1]} 34. f3 $1 Nh5 {[%csl Gh5][%cal Re1g3]} 35. Qf2 Qe5 {[#]} (35... Qxf2 $14 36. Rxf2 f5) 36. c5 $1 $16 f5 (36... Rd3 $16 {is a better defense.}) 37. c6 $18 {And now c7 would win.} Rd8 $2 (37... Qc7 38. Rc4 f4) 38. Rc5 Qf6 39. Rxa5 {Qa7+ is the strong threat.} Qxc6 40. Rxf5 {aiming for f4.} Qc7 $2 (40... Qd7 41. Re5 Qd4) 41. f4 Rd3 42. fxg5 Rxg3 $2 (42... Qxg3+ 43. Qxg3 Nxg3 44. gxh6+ Kxh6) 43. gxh6+ Kh7 {Hoping for ...Rf3+.} 44. Rf7+ {[%mdl 64] [#] Double Attack} Kg6 45. Rf5 $4 {[%mdl 8192]} (45. Qf5+ {and life is good for White.} Kxh6 46. Qh7+ Kg5 47. Rf5+ Kh4 48. Rxh5#) 45... Kh7 $4 {[%mdl 8192]} (45... Rf3+ $1 $19 46. Kh1 Rxf2 47. Rxf2 Kxh6) 46. Qd4 $4 {[%mdl 8192]} ({And not} 46. Rxh5 Rg5+ 47. Kh1 Qc1+ 48. Bf1 Rxh5 $11) ({Less strong is} 46. Rf7+ Qxf7 47. Qxf7+ Kxh6 $18) (46. Qc5 $18 {and all is fine.} Rxh3+ 47. Kg1 Qxc5+ 48. Rxc5) 46... Qf7 $4 {[%mdl 8192]} (46... Rg5+ $19 47. Kg1 Rxf5) 47. Be4 Kg8 {Accuracy: White = 46%, Black = 21%.} 1-0

[Event "IM Marmaris Karia X 2019"]
[Site "Marmaris"]
[Date "2019.09.02"]
[Round "5.1"]
[White "Tarlabasi, Emirhan"]
[Black "Rakhmangulova, Anastasiya"]
[Result "1-0"]
[WhiteElo "2341"]
[BlackElo "2204"]
[Annotator "TA"]
[PlyCount "67"]
[EventDate "2019.09.02"]
[EventType "schev"]
[EventCountry "TUR"]
[SourceTitle "playchess.com"]
[Source "ChessBase"]
[SourceQuality "1"]

{[%evp 21,67,35,81,90,77,49,41,52,56,10,13,13,21,16,26,-16,-13,-10,41,43,45,41,42,51,47,37,92,108,105,0,0,0,106,0,184,163,303,297,277,284,440,240,277,279,1656,1585,1860,1259]} 1. d4 Nf6 2. Nf3 c5 3. d5 d6 4. Nc3 g6 5. e4 Bg7 6. Bb5+ Bd7 7. a4 a6 8. Be2 Bg4 9. Nd2 Bxe2 10. Qxe2 O-O 11. O-O b6 {[%cal Bb7b6,Bb6b5,Bb5b4][%mdl 32]} 12. Nc4 {A43: Schmid Benoni} Nbd7 13. f4 (13. h3 Ne8 14. Bg5 Nc7 15. Rfe1 Rb8 16. f4 f6 17. Bh4 Qe8 18. Bg3 b5 19. axb5 axb5 {½-½ (38) Muzychuk,M (2466)-Rakhmangulova,A (2254) Kharkov 2012}) 13... Ne8 14. Bd2 $146 {White is slightly better.} ({Predecessor:} 14. e5 b5 15. exd6 Nxd6 16. Nxd6 exd6 17. axb5 Bxc3 18. bxc3 axb5 19. Rxa8 Qxa8 20. Qxb5 {½-½ (44) Shpagin,V (2280)-Batyuk,A (2059) Kimry 2014}) 14... Nc7 15. Rae1 b5 $1 {[%cal Rb5c4]} 16. Na5 {[%cal Ra4b5]} b4 $1 {[%cal Rb4c3]} 17. Nd1 Nb5 {Hoping for ...Nd4.} 18. Nc6 (18. Nc4 {is interesting.} Nd4 19. Qd3 Nb6 20. Nxb6 Qxb6 21. Ne3) 18... Nd4 19. Nxd4 Bxd4+ ({Black should try} 19... cxd4 $11 20. Nf2 a5) 20. Kh1 $14 Bg7 21. b3 Nb6 22. Ne3 a5 23. f5 Qc8 ({Better is} 23... c4 $14) 24. Rf3 $16 c4 {[#]} 25. Qf2 ({White should play} 25. Rh3 $1 $16) 25... cxb3 26. cxb3 Nd7 {[#]} (26... Qc5 $1 $11) 27. Rh3 ({White must play} 27. Nc4 $1 $16) 27... Re8 $2 (27... Ne5 $1 $11 {and Black has nothing to worry.}) 28. Nc4 ({Don't do} 28. fxg6 $6 fxg6 29. Nc4 (29. Rf1 Rf8 $15) 29... Bf6 $14) 28... Ra6 (28... Ne5 $142) 29. Qh4 $18 ({Not} 29. fxg6 fxg6 30. Qh4 (30. Rf1 Rf8 $14) 30... Nf6 $16) 29... Nf8 30. Rf1 {And now fxg6 would win.} Bf6 (30... h5 {might work better.} 31. Rg3 (31. fxg6 fxg6 32. Qf4 Kh8 $18) 31... Qd7) 31. Qg3 (31. Bg5 $142) 31... Qc5 32. Be3 Bd4 $2 (32... Qc7 33. Qf4 Qc8 34. fxg6 fxg6) 33. fxg6 Nxg6 34. Qf2 {Accuracy: White = 67%, Black = 41%.} 1-0

[Event "IM Marmaris Karia X 2019"]
[Site "Marmaris"]
[Date "2019.09.02"]
[Round "5.2"]
[White "Kizilkus, Akin"]
[Black "Nagy, Gabor"]
[Result "1/2-1/2"]
[WhiteElo "2376"]
[BlackElo "2484"]
[Annotator "TA"]
[PlyCount "62"]
[EventDate "2019.09.02"]
[EventType "schev"]
[EventCountry "TUR"]
[SourceTitle "playchess.com"]
[Source "ChessBase"]
[SourceQuality "1"]

{[%evp 9,62,21,23,13,14,20,18,14,22,0,16,7,19,2,5,-4,3,-26,23,0,7,0,0,0,22,17,20,18,19,19,11,6,54,13,22,2,15,17,18,15,10,12,20,7,16,0,27,25,27,25,25,25,25,25,25]} 1. d4 d5 2. c4 e6 3. Nc3 a6 4. cxd5 exd5 5. Bf4 (5. Nf3 h6 6. Bf4 Nf6 7. e3 Bd6 8. Bxd6 Qxd6 9. Qc2 O-O 10. Bd3 Re8 11. h3 Be6 12. O-O Nbd7 13. a4 {½-½ (40) Shankland,S (2725)-Carlsen,M (2835) Wijk aan Zee 2019}) 5... Nf6 6. e3 {D31: Queen's Gambit Declined: Semi-Slav without ...Nf6 (+ Marshall Gambit and Noteboom) and Exchange Variation lines without ...Nf6} Bd6 7. Bxd6 Qxd6 8. Bd3 {The position is equal.} O-O 9. Nf3 b6 10. O-O Bb7 11. Ne5 $146 ({Predecessor:} 11. Qc2 Nbd7 12. Rac1 Rac8 13. Qe2 Ra8 {0-1 (49) Rogozenco,T (1678)-Schaetz,B (1864) Hannover 2012}) 11... c5 12. Rc1 Nc6 13. Nxc6 (13. f4 {seems wilder.} h6 14. Bb1 Rad8 15. g4 g6 16. Rf3) 13... Bxc6 14. b3 cxd4 15. exd4 Rfe8 16. h3 b5 17. Re1 Rxe1+ 18. Qxe1 Re8 19. Qd2 g6 20. Ne2 Ne4 21. Qa5 {aiming for f3.} (21. Qf4 $5 {[%cal Rf4d6]} Qd7 22. f3 $14) 21... Bd7 22. Qc7 Rc8 23. Qxd6 Rxc1+ 24. Nxc1 Nxd6 $11 {[%mdl 4096] Endgame KBN-KBN} 25. b4 Kf8 26. Kf1 Ke7 27. Ke2 Nb7 28. Nb3 {White has an edge.} Nd8 29. a3 Nc6 30. Ke3 Kd6 31. Kd2 Bc8 {Accuracy: White = 50%, Black = 56%.} 1/2-1/2

[Event "IM Marmaris Karia X 2019"]
[Site "Marmaris"]
[Date "2019.09.02"]
[Round "5.4"]
[White "Sahin, Ozgun"]
[Black "Abdulov, Orkhan"]
[Result "1/2-1/2"]
[WhiteElo "2205"]
[BlackElo "2384"]
[Annotator "TA"]
[PlyCount "51"]
[EventDate "2019.09.02"]
[EventType "schev"]
[EventCountry "TUR"]
[SourceTitle "playchess.com"]
[Source "ChessBase"]
[SourceQuality "1"]

{[%evp 13,51,32,49,31,32,29,31,28,40,20,49,26,43,25,65,57,70,50,91,10,113,106,137,98,115,39,45,41,43,36,95,19,56,28,53,10,0,0,264,116]} 1. e4 g6 2. d4 Bg7 3. Nf3 d6 4. Bc4 a6 5. a4 e6 6. O-O b6 7. Nc3 Ne7 8. Be3 {B06: Modern Defence} (8. Bf4 Bb7 9. Qd2 h6 10. Rad1 Nd7 11. Rfe1 g5 12. Bg3 Ng6 13. h3 Nf6 14. e5 Nh5 15. Qe3 Nxg3 16. fxg3 {1-0 (35) Praggnanandhaa,R (2536)-Wei,Y (2736) chess.com INT 2019}) 8... d5 $146 ({Predecessor:} 8... Nd7 9. Qd2 h6 10. Ba2 Bb7 11. h3 Nf6 12. d5 e5 13. Ne1 Nh5 14. Nd3 f5 15. exf5 gxf5 {½-½ (67) Urkedal,F (2537)-Esen,B (2524) Baku 2016}) 9. exd5 exd5 10. Bb3 {White is slightly better.} ({Reject} 10. Nxd5 Nxd5 11. Bg5 f6 $15) 10... O-O 11. Qd2 c6 12. Bh6 Nd7 13. Rfe1 Nf6 14. a5 {Strongly threatening Bxg7.} b5 15. Ne5 Be6 16. f3 ({White should try} 16. Bxg7 $16 Kxg7 17. f3) 16... Kh8 (16... Bxh6 $11 17. Qxh6 Nd7) 17. Ne2 $16 Qd6 18. Bxg7+ Kxg7 19. c3 (19. Qf4 $16) 19... c5 $1 $14 20. Bc2 $36 {[%mdl 2048] White has the initiative.} c4 21. Nf4 b4 ({Better is} 21... Bf5 $14) 22. Bb1 (22. Nxe6+ $16 fxe6 23. Ba4 (23. cxb4 Rab8 $11)) 22... b3 23. h4 Rae8 24. h5 Nc6 25. hxg6 Bd7 $2 {[%mdl 8192] [#]} (25... fxg6 $11 26. Qf2 Bf7) 26. gxh7 {Accuracy: White = 19%, Black = 29%.} (26. gxf7 $18 Rxf7 27. Nxf7 Rxe1+ 28. Qxe1 Qxf4 29. Ne5 Nxe5 30. Qxe5 Qc1+ 31. Kh2 Qh6+ 32. Kg3) 1/2-1/2

[Event "IM Marmaris Karia X 2019"]
[Site "Marmaris"]
[Date "2019.09.02"]
[Round "5.5"]
[White "Altun, Arda"]
[Black "Darban, Morteza"]
[Result "0-1"]
[WhiteElo "2151"]
[BlackElo "2283"]
[Annotator "RC"]
[PlyCount "88"]
[EventDate "2019.09.02"]
[EventType "schev"]
[EventCountry "TUR"]
[SourceTitle "playchess.com"]
[Source "ChessBase"]
[SourceQuality "1"]
[TimeControl "5400+30"]

1. e4 {[%emt 0:01:30]} Nf6 {[%emt 0:00:30]} 2. e5 {[%emt 0:00:00]} Nd5 {[%emt 0:00:00]} 3. c4 {[%emt 0:00:00]} Nb6 {[%emt 0:00:00]} 4. d4 {[%emt 0:00:00]} d6 {[%emt 0:00:30]} 5. exd6 {[%emt 0:00:00]} cxd6 {[%emt 0:00:00]} 6. Nc3 {[%emt 0:00:30]} g6 {[%emt 0:01:00]} 7. Be3 {[%emt 0:00:00]} Bg7 {[%emt 0:00:30]} 8. Rc1 {[%emt 0:00:00]} O-O {[%emt 0:00:00]} 9. b3 {[%emt 0:00:30]} e6 {[%emt 0:02:00]} 10. Nf3 {[%emt 0:02:30]} Nc6 {[%emt 0:00:30]} 11. Be2 {[%emt 0:01:30]} Ne7 {[%emt 0:00:00]} 12. O-O {[%emt 0:05:30]} Bd7 {[%emt 0:00:00]} 13. Qd2 {[%emt 0:09:30]} Bc6 {[%emt 0:00:00]} 14. Bh6 {[%emt 0:03:30]} Bxh6 {[%emt 0:12:00]} 15. Qxh6 {[%emt 0:00:30]} Bxf3 {[%emt 0:00:30]} 16. Bxf3 {[%emt 0:00:30]} d5 {[%emt 0:00:00]} 17. c5 {[%emt 0:02:30]} Nbc8 {[%emt 0:00:00]} 18. Rfd1 {[%emt 0:05:30]} Nc6 {[%emt 0:00:30]} 19. Ne2 {[%emt 0:07:30]} Qf6 {[%emt 0:00:30]} 20. Qe3 {[%emt 0:07:30]} N8e7 {[%emt 0:20:30]} 21. g4 {[%emt 0:01:30]} g5 {[%emt 0:05:30]} 22. Ng3 {[%emt 0:02:30]} Qg6 {[%emt 0:21:30]} 23. Be2 {[%emt 0:01:30]} f5 {[%emt 0:01:30]} 24. gxf5 {[%emt 0:10:30]} Nxf5 {[%emt 0:00:30]} 25. Nxf5 {[%emt 0:00:30]} exf5 {[%emt 0:01:30]} 26. Qf3 {[%emt 0:17:30]} Rad8 {[%emt 0:03:30]} 27. b4 {[%emt 0:02:13]} a6 {[%emt 0:01:30]} 28. h4 {[%emt 0:06:51]} h6 {[%emt 0:02:30]} 29. hxg5 {[%emt 0:00:18]} hxg5 {[%emt 0:00:00]} 30. Kg2 {[%emt 0:00:42]} Rfe8 {[%emt 0:04:00]} 31. Bd3 {[%emt 0:04:21]} Nxd4 {[%emt 0:01:30]} 32. Qh3 {[%emt 0:00:50]} g4 {[%emt 0:22:36]} 33. Qh2 {[%emt 0:01:42]} Nf3 {[%emt 0:00:27]} 34. Qf4 {[%emt 0:00:30]} Re5 {[%emt 0:00:54]} 35. Rh1 {[%emt 0:02:27]} Kg7 {[%emt 0:00:09]} 36. Kg3 {[%emt 0:01:28]} Rde8 {[%emt 0:00:26]} 37. a4 {[%emt 0:00:48]} Ng5 {[%emt 0:00:40]} 38. Rcg1 {[%emt 0:01:50]} Qf6 {[%emt 0:00:36]} 39. Qd2 {[%emt 0:01:59]} Nf3 {[%emt 0:00:23]} 40. Qf4 {[%emt 0:00:17]} Nxg1 {[%emt 0:00:09]} 41. Rxg1 {[%emt 0:00:05]} Rh8 {[%emt 0:00:13]} 42. Kg2 {[%emt 0:00:08]} Rh3 {[%emt 0:00:23]} 43. Bb1 {[%emt 0:00:13]} Rf3 {[%emt 0:00:35]} 44. Qd4 {[%emt 0:00:20]} Re2 {[%emt 0:00:12]} 0-1

[Event "IM Marmaris Karia X 2019"]
[Site "Marmaris"]
[Date "2019.09.02"]
[Round "6.1"]
[White "Nagy, Gabor"]
[Black "Tarlabasi, Emirhan"]
[Result "1/2-1/2"]
[WhiteElo "2484"]
[BlackElo "2341"]
[Annotator "TA"]
[PlyCount "64"]
[EventDate "2019.09.02"]
[EventType "schev"]
[EventCountry "TUR"]
[SourceTitle "playchess.com"]
[Source "ChessBase"]
[SourceQuality "1"]

{[%evp 9,64,21,16,10,16,3,4,8,9,14,10,5,10,0,4,0,0,0,20,0,0,0,0,0,4,0,-4,0,0,0,0,0,0,0,0,0,0,0,0,0,0,-9,0,0,0,0,0,0,0,0,0,0,0,0,0,0,0]} 1. d4 d5 2. c4 e6 3. Nc3 Be7 4. Bf4 Nf6 5. e3 O-O {The position is equal.} 6. a3 {D35: Queen's Gambit Declined: Exchange Variation} b6 7. Nb5 Na6 {[%cal Bb8a6,Ba6c7,Bc7e6][%mdl 32]} 8. Nf3 $146 ({Predecessor:} 8. Rc1 c6 9. Nc3 Bb7 10. cxd5 exd5 11. Nf3 Nc7 12. Bd3 Ne6 {½-½ (71) Jobava,B (2629)-Nihal,S (2578) chess.com INT 2019}) 8... Bb7 9. Rc1 c6 10. Nc3 c5 11. cxd5 exd5 12. Bd3 Nc7 13. O-O Ne6 14. Bg3 Ne4 15. dxc5 Nxg3 16. hxg3 bxc5 17. e4 dxe4 18. Nxe4 Bxe4 (18... Qb6 {seems wilder.} 19. Re1 Rad8 20. Qc2 Bd5 21. Nc3 Bxf3 22. gxf3 Nd4) 19. Bxe4 Qxd1 20. Rfxd1 Rad8 21. Bd5 Bf6 22. Bxe6 {[#] Hoping for Bd5.} Rxd1+ 23. Rxd1 {Threatens to win with Bc4.} fxe6 $11 {[%mdl 4096] Endgame KRB-KRN} 24. b3 Rb8 25. Rd3 a5 26. Nd2 a4 27. bxa4 Ra8 28. Ne4 Bd4 29. Rb3 h6 30. Rb5 Rxa4 31. Nxc5 Bxc5 32. Rxc5 Rxa3 {Accuracy: White = 53%, Black = 87%.} 1/2-1/2

[Event "IM Marmaris Karia X 2019"]
[Site "Marmaris"]
[Date "2019.09.02"]
[Round "6.2"]
[White "Benidze, Davit"]
[Black "Kizilkus, Akin"]
[Result "1/2-1/2"]
[WhiteElo "2431"]
[BlackElo "2376"]
[Annotator "TA"]
[PlyCount "30"]
[EventDate "2019.09.02"]
[EventType "schev"]
[EventCountry "TUR"]
[SourceTitle "playchess.com"]
[Source "ChessBase"]
[SourceQuality "1"]

{[%evp 19,30,11,8,-12,9,-30,-28,-21,17,-19,0,-38,44]} 1. Nf3 Nf6 2. g3 g6 3. Bg2 Bg7 4. O-O O-O 5. c4 d5 6. cxd5 Nxd5 7. Nc3 Nc6 8. Nxd5 Qxd5 9. d3 Qb5 10. Rb1 a5 11. Bd2 {A16: English Opening: 1...Nf6 with ...d5} (11. b3 a4 12. Bb2 e5 13. bxa4 Qxa4 14. Qxa4 Rxa4 15. a3 Nd4 16. e3 Nxf3+ 17. Bxf3 Rd8 18. Rfc1 c6 19. Bd1 {0-1 (47) Ivanov,O (2482)-Kokarev,D (2651) Moscow 2017}) 11... Be6 12. a3 $146 ({Predecessor:} 12. b3 Bd5 13. a4 Qa6 14. Re1 Rfd8 15. Qc1 Rd7 16. Bh3 Rd6 17. Bg2 Rc8 18. Bh3 Rcd8 {½-½ (30) Petran,P (2352)-Sturua,Z (2536) Eretria 2015}) 12... Bb3 13. Qc1 Be6 14. Qd1 Bb3 15. Qc1 Be6 (15... Ba2 $15 16. a4 Qb3) 1/2-1/2

[Event "IM Marmaris Karia X 2019"]
[Site "Marmaris"]
[Date "2019.09.02"]
[Round "6.3"]
[White "Abdulov, Orkhan"]
[Black "Caglar, Sila"]
[Result "1-0"]
[WhiteElo "2384"]
[BlackElo "2242"]
[Annotator "TA"]
[PlyCount "69"]
[EventDate "2019.09.02"]
[EventType "schev"]
[EventCountry "TUR"]
[SourceTitle "playchess.com"]
[Source "ChessBase"]
[SourceQuality "1"]

{[%evp 21,69,65,65,65,60,59,67,63,62,53,71,72,81,81,79,76,76,57,63,61,64,62,75,68,72,64,70,58,54,54,107,107,111,111,111,114,111,111,111,111,114,116,102,103,108,105,105,101,93,64]} 1. d4 Nf6 2. Nf3 d5 3. e3 e6 4. Bd3 Bd6 5. O-O O-O 6. Nbd2 Nbd7 7. e4 dxe4 8. Nxe4 Nxe4 9. Bxe4 e5 10. dxe5 Nxe5 11. Nxe5 Bxe5 {[#]} 12. Bxh7+ $1 {[%mdl 576] Decoy. D05: Colle System with ...e6} Kxh7 13. Qh5+ {[%mdl 64] Double Attack} Kg8 {White must now prevent ...Re8.} 14. Qxe5 {White is slightly better.} Re8 15. Qf4 (15. Qg3 Bf5 16. Bg5 Qc8 17. Bf6 Bg6 18. Bc3 c5 19. a4 Qf5 {1-0 (44) Starcevic,G (2181)-Bura,R (2183) Belgrade 2013}) 15... b6 $146 ({Predecessor:} 15... Qd5 16. Be3 Bf5 17. c4 Qe5 18. Rfe1 Rad8 19. b3 Qxf4 20. Bxf4 Rxe1+ 21. Rxe1 {½-½ (26) Huser,U (1764)-Wittig,M (1656) GER email 2012}) 16. Be3 Bb7 17. Rad1 Qe7 18. Rfe1 Rad8 19. Qg4 Rxd1 20. Rxd1 Rd8 21. Re1 Qe4 22. Qxe4 Bxe4 $16 {[%mdl 4096] Endgame KRB-KRB} 23. c3 Bc2 24. Bf4 c6 25. f3 Rd1 (25... f6 $14) 26. Rxd1 {White is better.} Bxd1 {KB-KB} 27. Kf2 Bc2 28. Ke3 Bb1 29. a3 Kf8 30. Bb8 a6 31. Bc7 b5 32. Kd4 Ke7 33. Kc5 Kd7 34. Ba5 Bd3 35. Kb6 {Accuracy: White = 76%, Black = 52%.} 1-0

[Event "IM Marmaris Karia X 2019"]
[Site "Marmaris"]
[Date "2019.09.02"]
[Round "6.4"]
[White "Darban, Morteza"]
[Black "Sahin, Ozgun"]
[Result "0-1"]
[WhiteElo "2283"]
[BlackElo "2205"]
[Annotator "NA"]
[PlyCount "68"]
[EventDate "2019.09.02"]
[EventType "schev"]
[EventCountry "TUR"]
[SourceTitle "playchess.com"]
[Source "ChessBase"]
[SourceQuality "1"]
[TimeControl "5400+30"]

1. e4 c5 2. Nf3 g6 3. c3 Bg7 4. d4 cxd4 5. cxd4 d5 6. exd5 Nf6 7. Bb5+ Nbd7 8. Nc3 O-O 9. d6 exd6 10. O-O a6 11. Bd3 b5 12. Bf4 Nb6 13. Rc1 Bb7 14. Re1 Nc4 15. b3 Nb2 16. Qe2 Nxd3 17. Qxd3 b4 18. Na4 Nd5 19. Bd2 Qd7 20. h3 Qb5 21. Nb2 Rfc8 22. Rc4 Qa5 23. a4 Qd8 24. Rxc8 Rxc8 25. Nc4 Nc3 26. Rc1 Bxf3 27. gxf3 Bxd4 28. Re1 Qh4 29. Be3 Bxe3 30. Rxe3 Qxh3 31. Re1 d5 32. Ne5 Qe6 33. Qd4 f6 34. Nd3 Qxe1+ 0-1

[Event "IM Marmaris Karia X 2019"]
[Site "Marmaris"]
[Date "2019.09.02"]
[Round "6.5"]
[White "Rakhmangulova, Anastasiya"]
[Black "Altun, Arda"]
[Result "1-0"]
[WhiteElo "2204"]
[BlackElo "2151"]
[Annotator "NA"]
[PlyCount "85"]
[EventDate "2019.09.02"]
[EventType "schev"]
[EventCountry "TUR"]
[SourceTitle "playchess.com"]
[Source "ChessBase"]
[SourceQuality "1"]
[TimeControl "5400+30"]

1. d4 d5 2. Nf3 Nf6 3. c4 c6 4. cxd5 cxd5 5. Nc3 Nc6 6. Bf4 Bf5 7. Qb3 Na5 8. Qa4+ Bd7 9. Qc2 e6 10. e3 Rc8 11. Bd3 Be7 12. O-O b5 13. a3 a6 14. Ne5 Bc6 15. Rfc1 Bb7 16. Qd1 Nc4 {[%emt 0:54:00]} 17. Qe2 {[%emt 1:27:37]} O-O {[%emt 0:00:30]} 18. Bg3 {[%emt 0:00:30]} Qb6 {[%emt 0:00:30]} 19. f4 {[%emt 0:00:30]} Rc7 {[%emt 0:01:30]} 20. f5 {[%emt 0:00:30]} Bd6 {[%emt 0:00:30]} 21. Bxc4 {[%emt 0:00:30]} dxc4 {[%emt 0:01:30]} 22. fxe6 {[%emt 0:01:44]} fxe6 {[%emt 0:05:30]} 23. Rf1 {[%emt 0:00:30]} Rcc8 {[%emt 0:00:30]} 24. Rxf6 {[%emt 0:00:57]} gxf6 {[%emt 0:00:30]} 25. Qg4+ {[%emt 0:00:53]} Kh8 {[%emt 0:00:30]} 26. Qxe6 {[%emt 0:02:18]} Qc7 {[%emt 0:00:30]} 27. Ng6+ {[%emt 0:00:49]} hxg6 {[%emt 0:00:30]} 28. Bxd6 {[%emt 0:01:26]} Qc6 {[%emt 0:00:30]} 29. d5 {[%emt 0:00:18]} Qb6 {[%emt 0:00:30]} 30. Qh3+ {[%emt 0:00:30]} Kg7 {[%emt 0:00:30]} 31. Bxf8+ {[%emt 0:00:30]} Rxf8 {[%emt 0:00:30]} 32. Rd1 {[%emt 0:00:47]} Re8 {[%emt 0:00:30]} 33. Rd4 {[%emt 0:00:41]} f5 {[%emt 0:00:30]} 34. Qg3 {[%emt 0:00:49]} b4 {[%emt 0:00:00]} 35. axb4 {[%emt 0:02:00]} Qxb4 {[%emt 0:00:00]} 36. Qc7+ {[%emt 0:00:00]} Kg8 {[%emt 0:00:00]} 37. Rh4 {[%emt 0:00:00]} Qe7 {[%emt 0:00:00]} 38. Qxe7 {[%emt 0:00:51]} Rxe7 {[%emt 0:00:00]} 39. Rxc4 {[%emt 0:01:03]} Rxe3 {[%emt 0:00:00]} 40. Rc7 {[%emt 0:00:22]} Bxd5 {[%emt 0:00:00]} 41. Nxd5 {[%emt 0:01:04]} Rd3 {[%emt 0:00:00]} 42. Ne7+ {[%emt 0:00:30]} Kf7 {[%emt 0:00:30]} 43. Rc3 {[%emt 0:00:30]} 1-0

[Event "IM Marmaris Karia X 2019"]
[Site "Marmaris"]
[Date "2019.09.02"]
[Round "7.1"]
[White "Tarlabasi, Emirhan"]
[Black "Benidze, Davit"]
[Result "1/2-1/2"]
[WhiteElo "2341"]
[BlackElo "2431"]
[Annotator "TA"]
[PlyCount "25"]
[EventDate "2019.09.02"]
[EventType "schev"]
[EventCountry "TUR"]
[SourceTitle "playchess.com"]
[Source "ChessBase"]
[SourceQuality "1"]

{[%evp 24,25,0,0]} 1. d4 d5 2. c4 dxc4 3. e4 Nf6 4. e5 Nd5 5. Bxc4 Nc6 $146 ({Predecessor:} 5... Nb6 6. Bb3 Nc6 {½-½ (11) Chigaev,M (2640)-Predke,A (2632) Riga 2019}) 6. Nf3 Nb6 7. Bb3 Bg4 8. Ng5 Bxd1 9. Bxf7+ Kd7 10. Be6+ Ke8 11. Bf7+ Kd7 12. Be6+ Ke8 13. Bf7+ 1/2-1/2